PRACTICAL BIOCHEMISTRY (Record no. 3234)

MARC details
000 -LEADER
fixed length control field 00348nam a2200145Ia 4500
008 - FIXED-LENGTH DATA ELEMENTS--GENERAL INFORMATION
fixed length control field 150201s1983 xx 000 0 und d
082 ## - DEWEY DECIMAL CLASSIFICATION NUMBER
Classification number 612.015
Item number P1983G
100 ## - MAIN ENTRY--PERSONAL NAME
Personal name G.RAJGOPAL
245 ## - TITLE STATEMENT
Title PRACTICAL BIOCHEMISTRY
250 ## - EDITION STATEMENT
Edition statement 1ST
260 ## - PUBLICATION, DISTRIBUTION, ETC. (IMPRINT)
Name of publisher, distributor, etc. ORIENT LONGMAN
Place of publication, distribution, etc. HYDERABAD
Date of publication, distribution, etc. 1983
300 ## - PHYSICAL DESCRIPTION
Extent Jan-80
650 ## - SUBJECT ADDED ENTRY--TOPICAL TERM
Topical term or geographic name as entry element BIOCHEMISTRY
942 ## - ADDED ENTRY ELEMENTS (KOHA)
Source of classification or shelving scheme Dewey Decimal Classification
Koha item type Books
Holdings
Withdrawn status Lost status Source of classification or shelving scheme Damaged status Not for loan Home library Current library Date acquired Source of acquisition Cost, normal purchase price Serial Enumeration / chronology SGTU Bill Number Total Checkouts Full call number Barcode Date last seen Bill Date Koha item type
    Dewey Decimal Classification     SGT Dental Library SGT Dental Library 10/03/2005 D.C.SHARMA 30.00 1 SGTU DONATED   612.015 P1983G FD3384 09/02/2015 05/05/2012 Books